Statistics for Paris Saint-Germain Scorers in Ligue 1 2019-20

Click here to take the quiz!

General Stats

  • This quiz has been taken 18 times
  • The average score is 9 of 13

Answer Stats

Player Goals % Correct
Kylian Mbappé18
100%
Neymar13
100%
Edinson Cavani4
100%
Ángel Di María8
88%
Marquinhos3
88%
Mauro Icardi12
81%
Pablo Sarabia4
63%
Idrissa Gueye1
56%
Eric Maxim Choupo-Moting3
44%
Layvin Kurzawa1
44%
Ander Herrera1
44%
Nianzou Kouassi2
25%
Thilo Kehrer1
25%

Score Distribution

Percentile by Number Answered

Percent of People with Each Score

Your Score History

You have not taken this quiz